Uplatnenie spoločenskej zodpovednosti v oblasti poisťovníctva v praxi bakalárska práca

Saved in:
Bibliographic Details
Main Author: Gálová, Gabriela
Corporate Author: Fakulta hospodárskej informatiky EU. Katedra účtovníctva a audítorstva
Other Authors: Vlkoláčková, Miroslava
Format: Book
Language:Slovak
Published: Bratislava 2012
Tags: Add Tag
No Tags, Be the first to tag this record!

MARC

LEADER 00000nbm a2200000 4500
001 0156331
005 20161109111953.8
041 0 |a slo 
044 |a SK 
245 1 0 |a Uplatnenie spoločenskej zodpovednosti v oblasti poisťovníctva v praxi  |b bakalárska práca  |c Gabriela Gálová ; školiteľ: Miroslava Vlkoláčková 
264 1 |a Bratislava  |c 2012 
300 |a 41 s. 
100 1 |a Gálová, Gabriela 
700 1 |a Vlkoláčková, Miroslava 
710 2 |a Fakulta hospodárskej informatiky EU. Katedra účtovníctva a audítorstva